Corporate chanakya : (Record no. 54958)

MARC details
000 -LEADER
fixed length control field 00737nam a22001937a 4500
005 - DATE AND TIME OF LATEST TRANSACTION
control field 20181218121322.0
020 ## - INTERNATIONAL STANDARD BOOK NUMBER
International Standard Book Number 9788184951332
Terms of availability 275.00
035 ## - SYSTEM CONTROL NUMBER
System control number B-428189-195
037 ## - SOURCE OF ACQUISITION
Source of stock number/acquisition Allied/DE2010/CR/2777/16.3.11/280/4.3.11/30.3.11
082 ## - DEWEY DECIMAL CLASSIFICATION NUMBER
Classification number 658.409
100 ## - MAIN ENTRY--PERSONAL NAME
Personal name Pillai, Radhakrishnan
245 ## - TITLE STATEMENT
Title Corporate chanakya :
Remainder of title successful management the chanakya way /
Statement of responsibility, etc by Radhakrishnan Pillai
260 ## - PUBLICATION, DISTRIBUTION, ETC. (IMPRINT)
Place of publication, distribution, etc Mumbai :
Name of publisher, distributor, etc Jai Publishing House
Date of publication, distribution, etc 2011
270 ## - ADDRESS
Address A-2, Jash Chamber, 7-A, Sir Phirozshah Mehta Road, Fort
City Mumbai
Postal code 400001
300 ## - PHYSICAL DESCRIPTION
Extent xxvi,317 p.
Dimensions 22 cm (Pbk)
650 ## - SUBJECT ADDED ENTRY--TOPICAL TERM
Topical term or geographic name as entry element Management
942 ## - ADDED ENTRY ELEMENTS (KOHA)
Source of classification or shelving scheme Dewey Decimal Classification
Item type English Books
Classification part 658.409
Call number suffix PIL
Holdings
Withdrawn status Lost status Not for loan Collection code Home library Current library Date acquired Source of acquisition Cost, normal purchase price Full call number Barcode Copy number Cost, replacement price Koha item type Public note
      Non-fiction Central Library Central Library 08/08/2011 Allied/DE2010/CR/2777/16.3.11/280/4.3.11/30.3.11 275.00 658.409 PIL B-428189 1 275.00 English Books Legal Case (Register 30)
  Written-off vide DLB M. No. 383 dt 16.05.19   Non-fiction Shahdara Branch Central Library 08/08/2011 Allied/DE2010/CR/2777/16.3.11/280/4.3.11/30.3.11 275.00 658.409 PIL B-428195 1 275.00 English Books  
      Non-fiction Janak Puri Janak Puri 08/08/2011 Allied/DE2010/CR/2777/16.3.11/280/4.3.11/30.3.11 275.00 658.409 PIL B-428191 1 275.00 English Books  
  Written-off vide DLB M. No. 383 dt 16.05.19   Non-fiction Karol Bagh Karol Bagh 08/08/2011 Allied/DE2010/CR/2777/16.3.11/280/4.3.11/30.3.11 275.00 658.409 PIL B-428194 1 275.00 English Books  
  Written-off vide DLB M. No. 383 dt 16.05.19   Non-fiction Patel Nagar Patel Nagar 08/08/2011 Allied/DE2010/CR/2777/16.3.11/280/4.3.11/30.3.11 275.00 658.409 PIL B-428190 1 275.00 English Books  
      Non-fiction Sarojini Nagar Sarojini Nagar 08/08/2011 Allied/DE2010/CR/2777/16.3.11/280/4.3.11/30.3.11 275.00 658.409 PIL B-428192 1 275.00 English Books  
      Non-fiction Vinoba Puri Vinoba Puri 08/08/2011 Allied/DE2010/CR/2777/16.3.11/280/4.3.11/30.3.11 275.00 658.409 PIL B-428193 1 275.00 English Books  

© Delhi Public Library
Hit Counter
free hit counter